000 00258nam a2200097Ia 4500
001 1250326
005 20251031150854.0
008 251031s9999 xx 000 0 und d
245 0 _cHAYDAR ERGÜLEN
_aC-2 ÖLÜM BİR SKANDAL
260 _bKIRMIZI KEDİ YAYINLARI
999 _c1250326
_d1250326